[Event "Flint (Class C/5)"]
[Site "?"]
[Date "1993.??.??"]
[Round "?"]
[White "Waltz, Glenn"]
[Black "Duke, Daniel"]
[Result "0-1"]
[WhiteElo "1605"]
[BlackElo "1605"]
[PlyCount "48"]
[EventDate "1993.??.??"]

1. d4 Nf6 2. c4 g6 3. Nc3 Bg7 4. e4 d6 5. Nf3 O-O 6. Bd3 e5 7. d5 Nbd7 8. b4
Ne8 9. g4 Nb8 10. Rg1 c6 11. Ba3 cxd5 12. cxd5 Nf6 13. h3 a6 14. Bb2 b5 15. a4
bxa4 16. Rxa4 Nbd7 17. Ra5 Rb8 18. Ba3 Rb6 19. Qe2 Qc7 20. Kd2 Bb7 21. Na4 Rc8
22. Nxb6 Qc3+ 23. Ke3 Nxb6 24. Rc1 Nc4# 0-1

[Event "Flint (MI Senior/1)"]
[Site "?"]
[Date "1993.??.??"]
[Round "?"]
[White "Waltz, Glenn"]
[Black "Carr, Jay"]
[Result "0-1"]
[WhiteElo "1605"]
[BlackElo "1720"]
[PlyCount "78"]
[EventDate "1993.??.??"]

1. d4 d5 2. c4 c6 3. Nf3 Nf6 4. Nc3 dxc4 5. a4 Bf5 6. e3 e6 7. Bxc4 Bb4 8. Bd2
O-O 9. O-O Nbd7 10. Ne2 Be7 11. Ng3 Bg4 12. Bd3 c5 13. h3 Bxf3 14. Qxf3 b6 15.
a5 cxd4 16. exd4 Nd5 17. Rfe1 N7f6 18. Ne4 h6 19. g4 Nh7 20. Ng3 Ng5 21. Bxg5
Bxg5 22. Qe4 g6 23. axb6 Qxb6 24. Re2 Bf6 25. Ra4 Bg5 26. Rc2 Rfd8 27. Ra6 Qb7
28. Rac6 Nb4 29. Ba6 Nxa6 30. Qd3 Rac8 31. Rxc8 Rxc8 32. Ne4 Rxc2 33. Qxc2 Be7
34. Qa4 Nc7 35. Qd7 Qxe4 36. Qc8+ Bf8 37. Qxc7 Qxd4 38. Qb7 Bc5 39. Qc8+ Kg7
0-1

[Event "East Lansing (MOR/6/15)"]
[Site "?"]
[Date "1993.??.??"]
[Round "?"]
[White "Walquist, Elaine"]
[Black "Ridella, Dennis"]
[Result "1-0"]
[WhiteElo "1605"]
[BlackElo "1700"]
[PlyCount "135"]
[EventDate "1993.??.??"]

{6/(15)} 1. e4 e5 2. d4 exd4 3. Bc4 Bc5 4. Nf3 Ne7 5. O-O O-O 6. Nxd4 h6 7. Be3
Bb6 8. Re1 d5 9. exd5 Nxd5 10. Bxd5 Qxd5 11. Nc3 Qd8 12. Qd2 Qf6 13. Nd5 Qd6
14. Nxb6 Qxb6 15. c3 Qg6 16. Qc2 Qf6 17. Rad1 Bg4 18. Rd2 Nd7 19. f3 Bh5 20. g4
Bg6 21. Nf5 Ne5 22. Rf2 Nc4 23. Bd4 Bxf5 24. gxf5 Qc6 25. Rg2 f6 26. Qf2 Qd7
27. Qg3 Nd6 28. Qg4 Rad8 29. Re6 Ne8 30. h4 b6 31. b4 Qf7 32. Be3 Kh7 33. h5
Rd6 34. c4 Rd1+ 35. Kh2 Nd6 36. c5 Nb5 37. cxb6 cxb6 38. a4 Nc3 39. a5 Nd5 40.
Bd2 bxa5 41. bxa5 Rc8 42. Rd6 Ne3 43. Qg6+ Qxg6 44. fxg6+ Kg8 45. Re2 Rxd2 46.
Rexd2 Nf1+ 47. Kg2 Nxd2 48. Rxd2 Kf8 49. Rd7 a6 50. Ra7 Rc5 51. Rxa6 Rxh5 52.
f4 Rd5 53. Ra7 Rd8 54. Rf7+ Kg8 55. a6 Rd2+ 56. Kg3 Rd3+ 57. Kg4 Ra3 58. a7 h5+
59. Kh4 f5 60. Rb7 Kf8 61. Rb8+ Ke7 62. a8=Q Rxa8 63. Rxa8 Kf6 64. Kxh5 Ke7 65.
Kg5 Ke6 66. Ra5 Ke7 67. Rxf5 Ke8 68. Rf7 1-0

[Event "East Lansing (MOR/5/11)"]
[Site "?"]
[Date "1993.??.??"]
[Round "?"]
[White "Walquist, Elaine"]
[Black "Nicolli, Randy"]
[Result "0-1"]
[WhiteElo "1605"]
[BlackElo "1695"]
[PlyCount "58"]
[EventDate "1993.??.??"]

{5/(11)} 1. d4 f5 2. e3 d5 3. Bd3 Nf6 4. Nd2 e6 5. f4 Bd6 6. Ngf3 O-O 7. O-O
Bd7 8. Ne5 Be8 9. Ndf3 Nbd7 10. Bd2 Ne4 11. Be1 Be7 12. Nxd7 Bxd7 13. Ne5 Be8
14. Be2 g5 15. g4 c6 16. c3 Bf6 17. gxf5 exf5 18. h3 Qe7 19. Bh5 Kh8 20. Kh2
Rg8 21. Rg1 Rg7 22. Rc1 Bxh5 23. Qxh5 Rag8 24. Rc2 gxf4 25. Nf3 Rxg1 26. Nxg1
Qg7 27. h4 Qxg1+ 28. Kh3 Qxe1 29. Rg2 Qxh4+ 0-1

[Event "Troy (TCC/C/3/6)"]
[Site "?"]
[Date "1993.??.??"]
[Round "?"]
[White "Walquist, Elaine"]
[Black "Mayer, Raymond"]
[Result "1-0"]
[WhiteElo "1605"]
[BlackElo "1605"]
[PlyCount "145"]
[EventDate "1993.??.??"]

{3/(6)} 1. c4 Nf6 2. Nc3 c6 3. e4 e5 4. Nf3 d6 5. h3 Be7 6. Be2 O-O 7. O-O Nbd7
8. d4 a6 9. Be3 Re8 10. Bd3 Nf8 11. dxe5 dxe5 12. Nxe5 Qc7 13. Nf3 Be6 14. a3
Rad8 15. Qc2 Nh5 16. Rad1 Nf4 17. Bxf4 Qxf4 18. Ne2 Qf6 19. e5 Qh6 20. Bf5 Bxf5
21. Qxf5 Qe6 22. Qxe6 Nxe6 23. g3 Nc5 24. Nfd4 Rd7 25. b4 Na4 26. e6 fxe6 27.
Nxe6 Rxd1 28. Rxd1 Bxb4 29. axb4 Rxe6 30. Rd8+ Kf7 31. Nd4 Re1+ 32. Kg2 Rd1 33.
Nxc6 Rxd8 34. Nxd8+ Ke7 35. Nxb7 Nb2 36. Na5 Kd7 37. Kf3 Kc7 38. Ke4 Nd1 39.
Kf3 Nc3 40. Nb3 Kb6 41. Nd4 Na2 42. Nc2 Nc3 43. h4 Kc6 44. g4 Kd6 45. Ke3 Nd1+
46. Ke2 Nc3+ 47. Kd3 Nd1 48. f3 Ke5 49. c5 Nb2+ 50. Kc3 Nd1+ 51. Kb3 Kd5 52.
Ka4 Kc6 53. Ka5 Kb7 54. Nd4 Nb2 55. c6+ Kc7 56. Ne6+ Kxc6 57. Kxa6 Nc4 58. b5+
Kd7 59. Nxg7 Kc7 60. f4 Nd6 61. Ne6+ Kb8 62. f5 Ne4 63. g5 Nd6 64. Ng7 Nf7 65.
g6 hxg6 66. fxg6 Ne5 67. h5 Nd7 68. Nf5 Nc5+ 69. Kb6 Nd7+ 70. Ka5 Nf6 71. g7
Ng8 72. h6 Nxh6 73. Nxh6 1-0

[Event "Ann Arbor (HV Mini)"]
[Site "?"]
[Date "1993.??.??"]
[Round "?"]
[White "Walquist, Elaine"]
[Black "Ho, E."]
[Result "1-0"]
[WhiteElo "1605"]
[BlackElo "1605"]
[PlyCount "67"]
[EventDate "1993.??.??"]

1. d4 Nf6 2. e3 d5 3. Bd3 e6 4. Nd2 Nc6 5. f4 g6 6. c3 Bg7 7. Ngf3 Nd7 8. O-O
O-O 9. Qe1 f5 10. Ng5 Nf6 11. Rf3 h6 12. Nh3 Ne4 13. Kh1 g5 14. fxg5 hxg5 15.
Rf1 e5 16. Bxe4 fxe4 17. Qg3 Bh6 18. Rxf8+ Kxf8 19. dxe5 g4 20. Nf2 Qg5 21. Nb3
Qxe5 22. Qh4 Qe6 23. Nd4 Nxd4 24. Qd8+ Qe8 25. Qf6+ Qf7 26. Qxh6+ Kg8 27. Qg5+
Kh7 28. Qh4+ Kg6 29. exd4 Bf5 30. Nxg4 Bd7 31. Ne5+ Kg7 32. Bh6+ Kg8 33. Qg5+
Kh7 34. Nxf7 1-0

[Event "Troy (TCC/C/1a/3)"]
[Site "?"]
[Date "1993.??.??"]
[Round "?"]
[White "Walquist, Elaine"]
[Black "Etienne, T."]
[Result "1-0"]
[WhiteElo "1605"]
[BlackElo "1605"]
[PlyCount "54"]
[EventDate "1993.??.??"]

1. c4 Nf6 2. Nc3 b6 3. e4 Bb7 4. Qc2 e6 5. a3 Be7 6. d4 O-O 7. Be2 d5 8. e5 Ne4
9. Nxe4 dxe4 10. Be3 Nd7 11. Rd1 Qc8 12. f3 c5 13. fxe4 cxd4 14. Bxd4 Bc5 15.
Nf3 Qc7 16. Bc3 a5 17. b4 axb4 18. axb4 Be7 19. O-O Bc6 20. Ra1 Rfd8 21. Bd3
Rac8 22. Qf2 f6 23. exf6 Bxf6 24. e5 Nxe5 25. Nxe5 Bxe5 26. Bxe5 Qxe5 27. Qf7+
Kh8 $138 {#} 1-0

[Event "East Lansing (MOR/3/31)"]
[Site "?"]
[Date "1993.??.??"]
[Round "?"]
[White "Walquist, Elaine"]
[Black "Carne, L."]
[Result "1-0"]
[WhiteElo "1605"]
[BlackElo "1605"]
[PlyCount "51"]
[EventDate "1993.??.??"]

{3/(31)} 1. e4 e5 2. Nf3 Nc6 3. d4 exd4 4. Bc4 Qe7 5. O-O d6 6. Re1 Bg4 7. Bb5
Nf6 8. Qd3 Bxf3 9. Qxf3 Qe5 10. Na3 d5 11. Bf4 Qh5 12. exd5+ Be7 13. Qxh5 Nxh5
14. dxc6 b6 15. Bxc7 Nf6 16. Bd6 Nd5 17. c7+ Kf8 18. Bxe7+ Nxe7 19. Bd7 g6 20.
Nb5 Nc8 21. Re8+ Kg7 22. Rae1 a6 23. Bc6 Rxe8 24. Rxe8 axb5 25. Bxa8 Nd6 26.
Rd8 1-0

[Event "Eastpointe (EDO/4/18)"]
[Site "?"]
[Date "1993.??.??"]
[Round "?"]
[White "Walls, R."]
[Black "Vega, D."]
[Result "1-0"]
[WhiteElo "1605"]
[BlackElo "1605"]
[PlyCount "73"]
[EventDate "1993.??.??"]

{4/(18)} 1. d4 Nf6 2. c4 g6 3. Nc3 Bg7 4. e4 d6 5. f3 O-O 6. Be3 e5 7. d5 c6 8.
Bd3 Nbd7 9. Nge2 Rb8 10. b4 a5 11. a3 Re8 12. Qd2 Nh5 13. O-O Nf4 14. Nxf4 exf4
15. Bxf4 Ne5 16. Be2 axb4 17. axb4 Qb6+ 18. Be3 Qxb4 19. Rfb1 Nxf3+ 20. gxf3
Qxc3 21. Qxc3 Bxc3 22. Ra3 Bg7 23. dxc6 b6 24. Ra7 f5 25. Bd3 fxe4 26. Bxe4 Be6
27. c7 Rbc8 28. Bc6 Re7 29. Bxb6 Bxc4 30. Rb7 d5 31. Rb8 Ba6 32. Bxd5+ Kh8 33.
Bb7 Bxb7 34. Rxb7 Rcxc7 35. Rxc7 Bd4+ 36. Kf1 Bxb6 37. Rc8+ 1-0

[Event "Eastpointe (EDO/1b/3)"]
[Site "?"]
[Date "1993.??.??"]
[Round "?"]
[White "Walls, R."]
[Black "Mazuchowski, Tom"]
[Result "0-1"]
[WhiteElo "1605"]
[BlackElo "2135"]
[PlyCount "46"]
[EventDate "1993.??.??"]

1. d4 Nf6 2. c4 e5 3. d5 Bc5 4. Bg5 Bxf2+ 5. Kxf2 Ng4+ 6. Ke1 Qxg5 7. Nf3 Qe3
8. Qd2 Qf2+ 9. Kd1 Ne3+ 10. Kc1 Nxf1 11. Qg5 Qe3+ 12. Qxe3 Nxe3 13. Nbd2 d6 14.
Rg1 Bf5 15. a4 Na6 16. Ra3 Ng4 17. e4 Bd7 18. h3 Nf6 19. Re1 O-O 20. g4 Nb4 21.
a5 b6 22. a6 Bc8 23. Ra4 Nd3+ 0-1

[Event "Ann Arbor (HVA/1/10)"]
[Site "?"]
[Date "1993.??.??"]
[Round "?"]
[White "Waller, A."]
[Black "Ward, Tim"]
[Result "0-1"]
[WhiteElo "1605"]
[BlackElo "1835"]
[PlyCount "72"]
[EventDate "1993.??.??"]

{1/(10)} 1. e4 e6 2. d4 d5 3. e5 c5 4. c3 Nc6 5. Nf3 Bd7 6. Be3 cxd4 7. cxd4
Qb6 8. Nbd2 Nge7 9. Nb3 Nf5 10. Bd3 Bb4+ 11. Kf1 Nxe3+ 12. fxe3 Be7 13. Kf2 Nb4
14. Be2 Rc8 15. Nbd2 Bb5 16. a3 Nc6 17. Qb3 Bxe2 18. Qxb6 axb6 19. Kxe2 O-O 20.
Rac1 f6 21. exf6 Bxf6 22. Rhf1 e5 23. dxe5 Nxe5 24. Nd4 Nc4 25. b3 Nxa3 26. h3
Rfe8 27. Kd3 Bxd4 28. exd4 Rc6 29. Rc3 Rce6 30. Nf3 Re3+ 31. Kd2 Re2+ 32. Kd1
Rxg2 33. Ne5 Nb5 34. Rcf3 Nxd4 35. Rf4 Nxb3 36. Nd7 Rd2# 0-1

[Event "Ann Arbor (HVA/4/10)"]
[Site "?"]
[Date "1993.??.??"]
[Round "?"]
[White "Waller, A."]
[Black "Emke, Robert"]
[Result "1/2-1/2"]
[WhiteElo "1605"]
[BlackElo "1895"]
[PlyCount "69"]
[EventDate "1993.??.??"]

{4/(10)} 1. e4 e6 2. d4 d5 3. e5 c5 4. c3 Nc6 5. Nf3 cxd4 6. cxd4 Bb4+ 7. Bd2
Qb6 8. Bxb4 Qxb4+ 9. Qd2 Nge7 10. Qxb4 Nxb4 11. Bb5+ Bd7 12. Bxd7+ Kxd7 13. Na3
a6 14. O-O h6 15. Rfc1 Rhc8 16. Ne1 Rxc1 17. Rxc1 Rc8 18. Rxc8 Kxc8 19. Nac2
Nxa2 20. Nd3 a5 21. f4 Nc6 22. Kf2 Nab4 23. Ndxb4 Nxb4 24. Nxb4 axb4 25. g4 b3
26. Ke3 b5 27. Kd3 b4 28. f5 g6 29. fxg6 fxg6 30. h4 g5 31. h5 Kd7 32. Ke3 Kc6
33. Kd2 Kb6 34. Ke3 Kb5 35. Kd3 1/2-1/2

[Event "Flint (Class A/3)"]
[Site "?"]
[Date "1993.??.??"]
[Round "?"]
[White "Walker, Douglas"]
[Black "Zacks, Naum"]
[Result "1-0"]
[WhiteElo "1875"]
[BlackElo "1800"]
[PlyCount "117"]
[EventDate "1993.??.??"]

1. d4 Nf6 2. c4 g6 3. Nc3 Bg7 4. e4 O-O 5. f3 d6 6. Be3 h6 7. Qd2 Kh7 8. g4 e5
9. h4 Nc6 10. d5 Nd4 11. Bg2 Nxg4 12. fxg4 Bxg4 13. Bxd4 exd4 14. Nce2 c5 15.
Bf3 Bd7 16. h5 g5 17. Ng3 b5 18. b3 bxc4 19. bxc4 Rb8 20. Rc1 Rb4 21. N1e2 Qf6
22. Qd3 Qe5 23. O-O Rfb8 24. Bg2 Kg8 25. Nf5 Rb2 26. Rb1 Bxf5 27. Rxb2 Rxb2 28.
Rxf5 Qe7 29. Ng3 Qb7 30. Rf2 Be5 31. Nf1 Rxf2 32. Kxf2 Qb2+ 33. Qe2 Qb1 34. Bf3
d3 35. Qd2 Qc2 36. Bd1 Qxc4 37. Kf3 Bc3 38. Ne3 Qd4 39. Qh2 Qf6+ 40. Nf5 Be5
41. Qd2 c4 42. Kg4 Kh7 43. Qb4 c3 44. Qc4 c2 45. Bxc2 dxc2 46. Qxc2 Bf4 47. Qc7
Be3 48. Qxd6 Qxd6 49. Nxd6 f6 50. Ne8 Bd4 51. Kf5 Bb2 52. Nxf6+ Kg7 53. e5 Bd4
54. Ke6 Kf8 55. Ng4 Kg7 56. d6 Bb6 57. Ke7 a5 58. d7 a4 59. e6 1-0

[Event "East Lansing (MI Op/2/39)"]
[Site "?"]
[Date "1993.??.??"]
[Round "?"]
[White "Walker, Douglas"]
[Black "Welch, Joseph"]
[Result "1-0"]
[WhiteElo "1915"]
[BlackElo "1605"]
[PlyCount "55"]
[EventDate "1993.??.??"]

{2/(39)} 1. e4 c5 2. Nf3 d6 3. d4 cxd4 4. Nxd4 Nf6 5. Nc3 g6 6. f3 Bg7 7. Be3
O-O 8. Qd2 Re8 9. O-O-O a6 10. Be2 Nbd7 11. g4 Ne5 12. h4 b5 13. Rdg1 Qa5 14.
h5 b4 15. Nb1 Be6 16. Nxe6 fxe6 17. a3 Rab8 18. hxg6 Nxg6 19. Bd4 Rec8 20. g5
Nd7 21. Bxg7 Kxg7 22. f4 Rc5 23. Bd3 Qb6 24. a4 Rbc8 25. Kd1 Qc6 26. b3 Nxf4
27. Qxf4 Rxc2 28. Rxh7+ 1-0

[Event "Flint (Class A/5)"]
[Site "?"]
[Date "1993.??.??"]
[Round "?"]
[White "Walker, Douglas"]
[Black "Skidmore, Mike"]
[Result "1/2-1/2"]
[WhiteElo "1875"]
[BlackElo "1905"]
[PlyCount "144"]
[EventDate "1993.??.??"]

1. d4 c6 2. Nf3 d5 3. e3 Bg4 4. Be2 Bxf3 5. Bxf3 Nd7 6. Nc3 Ngf6 7. O-O e6 8.
e4 dxe4 9. Nxe4 Be7 10. c3 Qc7 11. Re1 Nxe4 12. Bxe4 Bd6 13. g3 O-O-O 14. c4
Nb6 15. Qb3 Be7 16. Be3 h5 17. a4 h4 18. a5 Nd7 19. Qa4 hxg3 20. fxg3 a6 21. b4
Nf6 22. Bf3 Bd6 23. Bf2 Rh3 24. Kg2 Rdh8 25. Rh1 g5 26. c5 g4 27. Bxc6 bxc6 28.
cxd6 Qxd6 29. Qb3 Ne4 30. Qd3 Qd5 31. Qxa6+ Kd7 32. Qa7+ Ke8 33. Qb8+ Ke7 34.
Qc7+ Kf6 35. Qe5+ Qxe5 36. dxe5+ Kxe5 37. Rac1 Nxf2 38. Kxf2 Rxh2+ 39. Rxh2
Rxh2+ 40. Ke3 Rb2 41. Rc5+ Kd6 42. Rc4 f5 43. Rd4+ Kc7 44. Rc4 Kd6 45. Rd4+ Ke5
46. Rc4 Rb3+ 47. Kf2 Kd5 48. Rc5+ Kd6 49. Rc4 e5 50. Kg2 Rb2+ 51. Kg1 Ra2 52.
Kf1 Rb2 53. Kg1 c5 54. bxc5+ Kc6 55. Ra4 Rb8 56. a6 Kb5 57. a7 Ra8 58. Ra3 e4
59. Kf2 Kxc5 60. Ra5+ Kd4 61. Ra4+ Kc3 62. Ke3 Kb3 63. Ra5 Kb4 64. Rxf5 Rxa7
65. Kxe4 Kc4 66. Kf4 Kd4 67. Kxg4 Ke4 68. Rg5 Rf7 69. Kh5 Kf3 70. Kg6 Ra7 71.
g4 Kf4 72. Kh6 Rh7+ 1/2-1/2

[Event "Troy (TCC/A/3/5)"]
[Site "?"]
[Date "1993.??.??"]
[Round "?"]
[White "Walker, Douglas"]
[Black "Selitsky, B."]
[Result "1-0"]
[WhiteElo "1855"]
[BlackElo "1965"]
[PlyCount "79"]
[EventDate "1993.??.??"]

{3/(5)} 1. e4 c5 2. Nf3 Nc6 3. d4 cxd4 4. Nxd4 Nf6 5. Nc3 e5 6. Nb3 Bb4 7. Bd3
d5 8. exd5 Nxd5 9. Bd2 Nxc3 10. bxc3 Bd6 11. Qh5 g6 12. Qh6 Bf8 13. Qe3 Qe7 14.
O-O Bg7 15. Rab1 O-O 16. Be4 f5 17. Bd5+ Kh8 18. f3 Rd8 19. c4 Be6 20. Bxc6
bxc6 21. Na5 Rac8 22. Rb7 Qd6 23. Bc3 Rd7 24. Qxa7 Rxb7 25. Qxb7 Qc5+ 26. Kh1
Qe3 27. Qb2 Rc7 28. Re1 Qf2 29. h3 Kg8 30. Qb8+ Rc8 31. Qd6 Bf7 32. Nxc6 Re8
33. Ne7+ Kh8 34. Rxe5 Qf1+ 35. Kh2 Qxc4 36. Nxg6+ hxg6 37. Rxe8+ Bxe8 38. Qf8+
Qg8 39. Bxg7+ Kh7 40. Qxg8+ 1-0

[Event "Flint (Class A/1)"]
[Site "?"]
[Date "1993.??.??"]
[Round "?"]
[White "Walker, Douglas"]
[Black "Robbins, Fred"]
[Result "1/2-1/2"]
[WhiteElo "1875"]
[BlackElo "1945"]
[PlyCount "82"]
[EventDate "1993.??.??"]

1. d4 Nf6 2. c4 e6 3. Nc3 b6 4. Bg5 Be7 5. e3 Bb7 6. Nf3 Ne4 7. Bxe7 Qxe7 8.
Nxe4 Bxe4 9. Be2 O-O 10. O-O d6 11. Nd2 Bb7 12. Bf3 c5 13. d5 exd5 14. Bxd5
Bxd5 15. cxd5 Nd7 16. a4 a6 17. Qb3 Rab8 18. Nc4 Rfe8 19. Rfe1 Qf6 20. e4 Qg6
21. Qg3 Ne5 22. Qxg6 hxg6 23. b3 Nxc4 24. bxc4 b5 25. axb5 axb5 26. cxb5 Rxb5
27. Ra6 Rxe4 28. Kf1 Rxe1+ 29. Kxe1 Kf8 30. Rxd6 Ke7 31. Rc6 Kd7 32. g3 g5 33.
Kd2 c4 34. Rxc4 Rxd5+ 35. Ke3 f5 36. Ra4 Re5+ 37. Kf3 Ke7 38. h3 Kf6 39. h4
gxh4 40. Rxh4 g6 41. Rc4 g5 1/2-1/2

[Event "Troy (TCC/A/4/5)"]
[Site "?"]
[Date "1993.??.??"]
[Round "?"]
[White "Walker, Douglas"]
[Black "Perry, R."]
[Result "0-1"]
[WhiteElo "1855"]
[BlackElo "1970"]
[PlyCount "86"]
[EventDate "1993.??.??"]

{4/(5)} 1. e4 Nc6 2. Nf3 g6 3. d4 Bg7 4. c3 d6 5. Be3 Nf6 6. Nbd2 O-O 7. h3 e5
8. Bd3 h6 9. Qc2 exd4 10. Nxd4 Bd7 11. Be2 d5 12. O-O-O Qe7 13. N4b3 b6 14.
exd5 Nxd5 15. Nc4 Bf5 16. Bd3 Ndb4 17. cxb4 Nxb4 18. Qe2 Nxd3+ 19. Rxd3 Qe4 20.
Rhd1 Qxc4+ 21. Qc2 Qxc2+ 22. Kxc2 Rad8 23. g4 Bxd3+ 24. Rxd3 Rxd3 25. Kxd3 Bxb2
26. Bxh6 Bg7 27. Be3 c5 28. Kc4 Rc8 29. a4 a6 30. Nd2 Kf8 31. h4 Ke7 32. Ne4
Kd7 33. h5 gxh5 34. gxh5 Rh8 35. Ng5 Rxh5 36. Nxf7 Rf5 37. Ng5 Bh6 38. f4 Bxg5
39. fxg5 Rf3 40. Kd3 Ke6 41. Ke4 Rxe3+ 42. Kxe3 Kf5 43. Kd3 b5 0-1

[Event "Eastpointe (MI Action/1/13)"]
[Site "?"]
[Date "1993.??.??"]
[Round "?"]
[White "Walker, Douglas"]
[Black "Mack, De"]
[Result "1-0"]
[WhiteElo "1955"]
[BlackElo "1605"]
[PlyCount "71"]
[EventDate "1993.??.??"]

{1/(13)} 1. e4 c5 2. Nf3 d6 3. d4 cxd4 4. Nxd4 Nc6 5. Nc3 Nf6 6. Be2 e6 7. Be3
Be7 8. O-O Bd7 9. f3 Qb6 10. Qd2 Rc8 11. Ndb5 Qa5 12. Nxd6+ Bxd6 13. Qxd6 Ne7
14. Rfd1 O-O 15. Qxe7 Rfe8 16. Qd6 Rcd8 17. Qc5 Qxc5 18. Bxc5 b6 19. Be3 Rf8
20. Bg5 h6 21. Bxf6 gxf6 22. Rd6 f5 23. Rad1 fxe4 24. Nxe4 Bc8 25. Rxd8 Bb7 26.
Nf6+ Kg7 27. Rxf8 Kxf8 28. Rd7 Bc6 29. Rc7 Kg7 30. Nh5+ Kg6 31. Rxc6 Kxh5 32.
f4+ Kg6 33. Bd3+ Kf6 34. g4 Ke7 35. Rc7+ Kd6 36. Rxf7 1-0

[Event "Eastpointe (MI Action/5/9)"]
[Site "?"]
[Date "1993.??.??"]
[Round "?"]
[White "Walker, Douglas"]
[Black "Ifill, Don"]
[Result "1-0"]
[WhiteElo "1955"]
[BlackElo "1800"]
[PlyCount "55"]
[EventDate "1993.??.??"]

{5/(9)} 1. e4 g6 2. d4 Bg7 3. Nc3 d6 4. Be3 Nf6 5. f3 O-O 6. Qd2 Re8 7. Nge2
Nbd7 8. O-O-O a6 9. g4 b5 10. Ng3 Nb6 11. h4 b4 12. Nce2 Nc4 13. Qd3 Nxe3 14.
Qxe3 Bb7 15. h5 Rc8 16. hxg6 fxg6 17. Nf4 c5 18. Ne6 Qa5 19. Bc4 d5 20. Nxg7
dxc4 21. Nxe8 Rxe8 22. Kb1 cxd4 23. Qh6 d3 24. cxd3 b3 25. a3 c3 26. Rdg1 cxb2
27. Nf5 Qxa3 28. Qg7# 1-0

[Event "East Lansing (MI Op/6/14)"]
[Site "?"]
[Date "1993.??.??"]
[Round "?"]
[White "Walker, Douglas"]
[Black "Foote, F."]
[Result "1-0"]
[WhiteElo "1915"]
[BlackElo "2025"]
[PlyCount "37"]
[EventDate "1993.??.??"]

{6/(14)} 1. e4 c6 2. d4 d5 3. Nd2 dxe4 4. Nxe4 Bf5 5. Ng3 Bg6 6. Nf3 Nd7 7. Bd3
e6 8. Ne4 Ngf6 9. Qe2 Nxe4 10. Bxe4 Be7 11. Bxg6 hxg6 12. Bd2 Qc7 13. h3 Bf6
14. O-O-O O-O-O 15. Kb1 Rhe8 16. Be3 c5 17. dxc5 Nxc5 18. Qb5 Qb6 19. Qxc5+ 1-0

[Event "East Lansing (MI Op/4/12)"]
[Site "?"]
[Date "1993.??.??"]
[Round "?"]
[White "Walker, Douglas"]
[Black "Chehayeb, Sal"]
[Result "1-0"]
[WhiteElo "1915"]
[BlackElo "2070"]
[PlyCount "75"]
[EventDate "1993.??.??"]

{4/(12)} 1. e4 c5 2. Nf3 d6 3. d4 cxd4 4. Nxd4 Nf6 5. Nc3 g6 6. Be2 Bg7 7. Be3
O-O 8. Qd2 Nc6 9. O-O-O Ng4 10. Bxg4 Bxg4 11. f3 Be6 12. Nxe6 fxe6 13. Bh6 Qa5
14. Bxg7 Kxg7 15. h4 h6 16. Kb1 Rac8 17. f4 e5 18. g3 Nd4 19. Nd5 Qa4 20. c3
Nc6 21. Rde1 e6 22. Nb4 Nxb4 23. cxb4 exf4 24. gxf4 Rc6 25. Rc1 Rfc8 26. Rxc6
Rxc6 27. a3 a5 28. h5 gxh5 29. Qd4+ Kh7 30. Rg1 Qc2+ 31. Ka1 Rc7 32. Qxd6 Qc4
33. Qf8 e5 34. Qf5+ Kh8 35. Qxe5+ Kh7 36. Qf5+ Kh8 37. Qf6+ Kh7 38. Qg6+ 1-0

[Event "Troy (TCC/A/1a/4)"]
[Site "?"]
[Date "1993.??.??"]
[Round "?"]
[White "Walker, Douglas"]
[Black "Bauerle, Paul"]
[Result "1-0"]
[WhiteElo "1855"]
[BlackElo "1940"]
[PlyCount "81"]
[EventDate "1993.??.??"]

1. e4 e6 2. d4 d5 3. Nd2 Nf6 4. e5 Nfd7 5. Ndf3 c5 6. c3 Nc6 7. Bd3 cxd4 8.
cxd4 Nb6 9. Ne2 Bd7 10. O-O Nb4 11. Bb1 Nc4 12. a3 Qa5 13. b3 Nb6 14. Bd2 Qa6
15. Bxh7 Rxh7 16. axb4 Qd3 17. Qb1 Bb5 18. Re1 Qxb1 19. Raxb1 Rc8 20. Nc3 Bd3
21. Ra1 Bxb4 22. Na4 Bxd2 23. Nxd2 Nxa4 24. bxa4 Rc2 25. Nf3 Rh8 26. a5 Kd7 27.
Rec1 Rhc8 28. Rxc2 Bxc2 29. Rc1 Bd3 30. Rxc8 Kxc8 31. Ne1 Bb1 32. Kf1 Kc7 33.
Ke2 Kc6 34. h4 Kb5 35. Nd3 Bxd3+ 36. Kxd3 Kxa5 37. h5 b5 38. g4 b4 39. g5 Ka4
40. Kc2 b3+ 41. Kb1 1-0

[Event "Eastpointe (MI Action/3/4)"]
[Site "?"]
[Date "1993.??.??"]
[Round "?"]
[White "Walker, Douglas"]
[Black "Andrews, Steve"]
[Result "0-1"]
[WhiteElo "1955"]
[BlackElo "2220"]
[PlyCount "64"]
[EventDate "1993.??.??"]

{3/(4)} 1. e4 c5 2. Nf3 e6 3. d4 cxd4 4. Nxd4 a6 5. Nc3 Qc7 6. Be2 Nf6 7. Bg5
Be7 8. Qd2 h6 9. Bf4 e5 10. Bg3 d6 11. Nf5 Bxf5 12. exf5 Nc6 13. O-O O-O 14. a3
Rac8 15. Nd5 Nxd5 16. Qxd5 Nd4 17. Bd3 Qb6 18. Qe4 Bf6 19. Kh1 Rfd8 20. Rfc1 d5
21. Qg4 e4 22. Bf1 Rxc2 23. Rxc2 Nxc2 24. Rc1 Qxb2 25. Bf4 d4 26. Bxh6 d3 27.
Rd1 Qd4 28. Rd2 Nxa3 29. h4 Nc4 30. Rd1 Qxf2 31. Bxg7 Ne3 32. Qh5 Bxg7 0-1

[Event "Eastpointe (MI Action/2/25)"]
[Site "?"]
[Date "1993.??.??"]
[Round "?"]
[White "Walker, Anthony"]
[Black "Whitaker, Deshontae"]
[Result "1-0"]
[WhiteElo "1605"]
[BlackElo "1605"]
[PlyCount "61"]
[EventDate "1993.??.??"]

{2/(25)} 1. e4 e5 2. Nf3 Nf6 3. Nxe5 Nxe4 4. Qe2 d5 5. d3 Bd6 6. Bf4 Bf5 7.
dxe4 dxe4 8. Nd2 g5 9. Qh5 Qf6 10. Bc4 Rf8 11. Nxf7 Rxf7 12. Bxg5 Qg7 13. O-O
Nd7 14. Bxf7+ Qxf7 15. Qe2 Kf8 16. Nxe4 Bxe4 17. Qxe4 Nf6 18. Bxf6 Qxf6 19.
Qxh7 Qxb2 20. Rfe1 Qxc2 21. Qxc2 Bb4 22. Qf5+ Kg8 23. Qg4+ Kf7 24. Qxb4 Rd8 25.
Qe7+ Kg6 26. Qxd8 a6 27. Rad1 b5 28. Rd5 c6 29. Re6+ Kf7 30. Qe7+ Kg8 31. Rd8#
1-0

[Event "Eastpointe (MI Action/4/24)"]
[Site "?"]
[Date "1993.??.??"]
[Round "?"]
[White "Walker, Anthony"]
[Black "Turner, J."]
[Result "1-0"]
[WhiteElo "1605"]
[BlackElo "1605"]
[PlyCount "47"]
[EventDate "1993.??.??"]

{4/(24)} 1. e4 e5 2. Nf3 Nc6 3. Bc4 h6 4. c3 Bc5 5. Nxe5 Qf6 6. Nf3 Ne5 7. Be2
Ng4 8. d4 Bb6 9. h3 h5 10. hxg4 Ne7 11. Be3 O-O 12. Rxh5 Ng6 13. Nbd2 d6 14. g5
Qe7 15. Qc2 Bg4 16. Rh2 Bxf3 17. Bxf3 f6 18. e5 dxe5 19. Qxg6 Qd6 20. O-O-O
exd4 21. Rdh1 Qxh2 22. Bd5+ Rf7 23. Qxf7+ Kh7 24. Rxh2# 1-0

[Event "Eastpointe (MI Action/6/17)"]
[Site "?"]
[Date "1993.??.??"]
[Round "?"]
[White "Walker, Anthony"]
[Black "Dane, C."]
[Result "0-1"]
[WhiteElo "1605"]
[BlackElo "1630"]
[PlyCount "66"]
[EventDate "1993.??.??"]

{6/(17)} 1. e4 e5 2. Nf3 Nc6 3. Bc4 Bc5 4. c3 Nf6 5. d4 exd4 6. cxd4 Bb4+ 7.
Bd2 Bxd2+ 8. Nbxd2 d5 9. exd5 Nxd5 10. O-O Be6 11. Re1 O-O 12. Qb3 Na5 13. Qc2
Nxc4 14. Qxc4 Nf6 15. Qc2 Qd5 16. Qxc7 Rac8 17. Qe5 Rc2 18. Qxd5 Bxd5 19. b3
Rfc8 20. h3 Rb2 21. Rac1 Rcc2 22. a3 h6 23. Rxc2 Rxc2 24. Rd1 Kf8 25. Ne5 Rc3
26. Nec4 b5 27. Na5 Ke7 28. Kf1 Kd7 29. Ke2 Kc7 30. Nb1 Rc2+ 31. Rd2 Rxd2+ 32.
Kxd2 Bxg2 33. h4 Ne4+ 0-1

[Event "Ann Arbor (HV Mini)"]
[Site "?"]
[Date "1993.??.??"]
[Round "?"]
[White "Vukotic, D."]
[Black "Santiago, Reynaldo"]
[Result "1-0"]
[WhiteElo "1965"]
[BlackElo "2045"]
[PlyCount "57"]
[EventDate "1993.??.??"]

1. Nf3 Nf6 2. d4 g6 3. Bf4 Bg7 4. h3 c5 5. e3 Qb6 6. b3 d5 7. Bd3 Nc6 8. c3 O-O
9. O-O Re8 10. Ne5 Nd7 11. Ng4 e5 12. Nh6+ Kf8 13. dxe5 Ncxe5 14. Be2 Qe6 15.
Na3 a6 16. e4 dxe4 17. Bc4 Nxc4 18. Nxc4 Ne5 19. Qd2 b5 20. Nd6 Rd8 21. Rad1
Ra7 22. Qe3 Rad7 23. Bxe5 Bxe5 24. Nhxf7 Rxf7 25. Nxf7 Rxd1 26. Rxd1 Kxf7 27.
Qxc5 Kg7 28. Rd8 Kh6 29. Rxc8 $138 1-0

[Event "Ann Arbor (HV Mini)"]
[Site "?"]
[Date "1993.??.??"]
[Round "?"]
[White "Vukotic, D."]
[Black "Finegold, Ben"]
[Result "0-1"]
[WhiteElo "1965"]
[BlackElo "2590"]
[PlyCount "86"]
[EventDate "1993.??.??"]

1. Nf3 Nf6 2. d4 e6 3. Bf4 c5 4. e3 Qb6 5. b3 Nd5 6. Be5 f6 7. dxc5 Qa5+ 8. b4
Qxb4+ 9. c3 Qb2 10. Bd4 Qxa1 11. c4 Qxa2 12. cxd5 Bxc5 13. dxe6 dxe6 14. Qc1
Bb4+ 15. Bc3 Qa5 16. Bc4 Nc6 17. O-O Bxc3 18. Nxc3 O-O 19. Nb5 Kh8 20. Nd6 Ne5
21. Nxe5 Qxe5 22. Rd1 Bd7 23. f4 Qh5 24. e4 Ba4 25. Rd3 Rad8 26. Bxe6 Bc6 27.
Nf7+ Qxf7 28. Rxd8 Qe7 29. Rxf8+ Qxf8 30. Bd5 Qd6 31. Qe3 Bxd5 32. exd5 Qxd5
33. Qe8+ Qg8 34. Qd7 Qb8 35. g3 b5 36. h4 b4 37. h5 h6 38. Qd1 b3 39. Qb1 a5
40. Kf2 a4 41. Ke3 a3 42. Kd2 a2 43. Qb2 Qa8 0-1